عرض عادي
عرض مارك
- Tetroe, Jacqueline.
مدخل إسم شخص
001 - رقم الضبط
- حقل الضبط: 13966
003 - معرف رقم الضبط
- حقل الضبط: OSt
005 - تاريخ ووقت أخر عملية
- حقل الضبط: 20120514011341.0
008 - عناصر بيانات ثابتة الطول
- حقل تحكم ثابت الطول: 120514|||a|||||| | ||| d
040 ## - مصدر الفهرسة
- هيئة الفهرسة الأصلية: OSt
- وكالة الكتابة: OSt
100 ## - مدخل -- أسم شخص
- إسم شخص: Tetroe, Jacqueline.
670 ## - بيانات المصدر موجوده
- الاستشهاد بالمصدر: Work cat.: (OSt)24043: Knowledge translation in health care :, 2009.
